00293nam a22000977a 4500008004100000020001500041082002100056245004600077260006100123300001100184230626b xxu||||| |||| 00| 0 eng d a9028600191 a328.34bCAS 1980 aParliamentary Control Over Foreign Policy aUSAbSijthoff & Noordhoff International Publishersc1980 aX,206p